| 000 | 01046nam a2200181 a 4500 | ||
|---|---|---|---|
| 001 | 000037633 | ||
| 005 | 20250909091242.0 | ||
| 008 | 121010s1609 bl 000 0 spa d | ||
| 020 | _a8472328910 | ||
| 040 |
_aDO-SdBNP _dspa _cBNPHU |
||
| 100 | 1 |
_aVega, Inca Garcilaso de la _d1539-1616 _964105 |
|
| 245 | 1 | 0 |
_aPrimera parte de los comentarios reales : _bque tratan de el origen de los Incas, reyes que fueron del Peru, de su idolatria, leyes, y gobierno en paz y en guerra : de fus vidas y conquiftas, y de todo lo que fue aquel imperio y fu Republica, antes que los españoles paffaran a el. / _cEscritos por el Inca Garcilaso de la Vega,natural del Cozco, y capitan de fu magetad, dirigidos a la serenissima princefa Doña Catalina de Portugar,duqueza de Barganca. |
| 260 |
_aLisboa : _boficina de Pedro Crasbeeck, _c1609. |
||
| 300 |
_a2v. ; _c27 cm. |
||
| 500 | _aReprod. facs. de la ed. princeps: Lisboa, oficina de Pedro Crasbeeck, 1609 | ||
| 500 | _aTextos a dos columnas | ||
| 710 | 2 |
_aAgencia Española de Cooperación Internacional _934585 |
|
| 999 |
_c37123 _d37123 |
||